000 00402nam a2200193Ia 4500
008 101110s9999 xx 000 0 und d
041 _aHINDI
082 _bSR476
_a891.432
100 _aPremi H.
245 _aShiv Sadhana
365 _b2
520 _aHindi
546 _aHINDI
630 _aShiv Sadhana
650 _aHindi
655 _aHindi
730 _aShiv Sadhana
942 _cBOOK
999 _c797788
_d797785